Statistics for Random Marvel Villains

Click here to take the quiz!

General Stats

  • This quiz has been taken 19 times
  • The average score is 12 of 20

Answer Stats

HintAnswer% Correct
Otto OctaviusDoctor Octopus
94%
Norman OsbornGreen Goblin
88%
Thor's brotherLoki
88%
Bucky BarnesWinter Soldier
88%
Evil robotUltron
82%
Helmet ZemoBaron Zemo
71%
Obadiah StaneIron Monger
71%
Wilson FiskKingpin
71%
Johann SchmidtRed Skull
71%
Emil BlosnkyAbomination
65%
Curt ConnorsLizard
65%
Erik LehnsherrMagneto
59%
Dark Elf leaderMalekith
59%
Madame HydraViper
47%
En Sabah NurApocalypse
41%
Samuel SternsThe Leader
41%
Anton VankoCrimson Dynamo
35%
Elihas StarrEgghead
35%
Victor CreedSabretooth
35%
Emma FrostWhite Queen
35%

Score Distribution

Percentile by Number Answered

Percent of People with Each Score

Your Score History

You have not taken this quiz